Statistics for Fast Food Chains by emojis

Click here to take the quiz!

General Stats

  • This quiz has been taken 390 times
  • The average score is 8 of 11

Answer Stats

HintAnswer% Correct
๐Ÿคก๐Ÿ˜€๐Ÿ”McDonald's
95%
๐ŸŒฎ๐ŸŒฏ๐Ÿ””Taco Bell
95%
โญ๐Ÿ’ตโ˜•Starbucks
90%
๐Ÿ”ต๐Ÿ”ด๐Ÿ•Domino's
89%
๐Ÿชฃ๐Ÿ—๐Ÿ”ดโšชKFC
81%
๐Ÿฅช๐Ÿš„๐ŸŸขSubway
78%
๐Ÿ„๐Ÿ‘ธ๐ŸจDairy Queen
64%
๐Ÿ”๐Ÿ“๐Ÿ”ดChick-fil-A
62%
๐Ÿคก๐Ÿ‘‰๐Ÿ“ฆ๐Ÿ”Jack In the Box
50%
๐Ÿฆ”๐Ÿš˜๐Ÿ”๐ŸŸกSonic
36%
๐Ÿฉโ˜•๐ŸTim Hortons
35%

Score Distribution

Percentile by Number Answered

Percent of People with Each Score

Your Score History

You have not taken this quiz